| 000 | 00751cam a22002294a 4500 | ||
|---|---|---|---|
| 020 | _a9781605295428 (hardcover) | ||
| 020 | _a1605295426 (hardcover) | ||
| 020 | _a9781605296777 (pbk.) | ||
| 020 | _a1605296775 (pbk.) | ||
| 040 | _cDLC | ||
| 082 | 0 | 0 | _a632 ROD 2009 C151 Or. |
| 245 | 0 | 4 |
_aThe organic gardener's handbook of natural pest and disease control : _ba complete guide to maintaining a healthy garden and yard the earth-friendly way / |
| 260 |
_aNew York, NY : _bRodale, _cc2009. |
||
| 300 |
_avii, 408 p. : _bcol. ill. ; _c24 cm. |
||
| 650 | 0 | _aOrganic gardening | |
| 650 | 0 | _aHorticulture | |
| 650 | 0 | _aPlants | |
| 700 | 1 | _aBradley, Fern Marshall. | |
| 700 | 1 | _aEllis, Barbara W. | |
| 700 | 1 | _aMartin, Deborah L. | |
| 942 | _cAEDBB | ||
| 999 |
_c18722 _d18722 |
||